Nghi lễ và tập tục người Việt với phụ nữ

Cuốn sách nói về các nghi lễ và tập tục liên quan đến phụ nữ Việt Nam trong các giai đoạn quan trọng của cuộc đời như cưới hỏi, sinh nở và tang ma. Tác phẩm giới thiệu phong tục của nhiều dân tộc như Kinh, Tày, Dao, Mường, Thái, Nùng, Hmông,...

पूर्ण विवरण

में बचाया:
ग्रंथसूची विवरण
अन्य लेखक: Phạm Minh Thảo (Biên soạn)
स्वरूप: पुस्तक
भाषा:Vietnamese
प्रकाशित: H. Hồng Đức 2024
श्रृंखला:Tủ sách văn hóa truyền thống
विषय:
टैग : टैग जोड़ें
कोई टैग नहीं, इस रिकॉर्ड को टैग करने वाले पहले व्यक्ति बनें!
Thư viện lưu trữ: Thư viện Trường Đại học Nam Cần Thơ
LEADER 01439nam a22002057a 4500
001 NCT_4_018523
008 250510b xxu||||| |||| 00| 0 vie d
999 |c 8894  |d 8894 
020 |a 9786043281453  |c 66000 
082 0 4 |2 23rd ed.  |a 395.14409597  |b Th108 
245 0 0 |a Nghi lễ và tập tục người Việt với phụ nữ  |c Phạm Minh Thảo (biên soạn) 
260 |a H.  |b Hồng Đức   |c 2024 
300 |a 132 tr.  |c 21 cm 
490 |a Tủ sách văn hóa truyền thống 
520 3 |a Cuốn sách nói về các nghi lễ và tập tục liên quan đến phụ nữ Việt Nam trong các giai đoạn quan trọng của cuộc đời như cưới hỏi, sinh nở và tang ma. Tác phẩm giới thiệu phong tục của nhiều dân tộc như Kinh, Tày, Dao, Mường, Thái, Nùng, Hmông, Sán Dìu, giúp người đọc có cái nhìn toàn diện về vai trò và vị thế của phụ nữ trong đời sống văn hóa - xã hội truyền thống Việt Nam 
653 |a Quản trị DV Du lịch và Lữ hành 
700 1 |a Phạm Minh Thảo  |e Biên soạn 
942 |2 ddc  |c BK 
952 |0 0  |1 0  |2 ddc  |4 0  |6 395_144095970000000_TH108  |7 0  |9 30565  |a 000001  |b 000001  |d 2025-05-10  |o 395.14409597 Th108  |p MD.23865  |r 2025-05-10  |v 66000.00  |w 2025-05-10  |y BK 
980 |a Thư viện Trường Đại học Nam Cần Thơ